| 000 | 00757nam a2200241Ia 4500 | ||
|---|---|---|---|
| 005 | 20260430150545.0 | ||
| 008 | 008 250103s9999 xx 000 0 eng d | ||
| 037 | _aTheses | ||
| 040 | _aCRL | ||
| 040 | _beng | ||
| 040 | _ceng | ||
| 041 | _2eng | ||
| 041 | _aeng | ||
| 084 | _qCRL | ||
| 100 |
_aKritika Au.; Singh Laishram Rajendrakumar Gu. _91237846 |
||
| 245 | 0 | _aInvestigating the Role of Brain Metabolites, Methylamines as Potential Ligands for Carbonic Anhydrase and Acetylcholinesterase: A Study Based on Dementia | |
| 260 | _c2024 | ||
| 300 | _a150p. | ||
| 650 | _aMedicine | ||
| 700 |
_aUniversity of Delhi. Faculty of Medical Sciences. Deptt.of Medical Bio-Medical Research _91237847 |
||
| 942 | _cTH | ||
| 999 |
_c1850071 _d1850071 |
||